Rosa Bologna FC 2023-2024 - Statistics

Statistiche generali
  • Questo quiz è stato fatto 32 volte
  • Il punteggio medio è 16 su 27
Statistiche sulle risposte
Ruolo Giocatore % Corretto
P Lukasz Skorupski
96%
A Riccardo Orsolini
96%
A Joshua Zirkzee
93%
D Riccardo Calafiori
86%
C Lewis Ferguson
82%
D Lorenzo De Silvestri
82%
A Dan Ndoye
79%
C Remo Freuler
79%
D Jhon Lucumí
75%
P Federico Ravaglia
71%
D Sam Beukema
71%
C Giovanni Fabbian
68%
D Stefan Posch
61%
A Jens Odgaard
57%
A Santiago Castro
57%
C Michel Aebischer
54%
D Charalampos Lykogiannis
46%
A Jesper Karlsson
46%
C Nikola Moro
46%
C Kacper Urbanski
43%
D Victor Kristiansen
43%
P Nicola Bagnolini
39%
C Alexis Saelemaekers
36%
D Mihajlo Ilić
32%
D Tommaso Corazza
32%
D Adama Soumaoro
21%
C Oussama El Azzouzi Mediano
7%
Nessun quiz corrispondente trovato
Distribuzione punteggi
Percentuale di utenti per punteggio
Percentile per numero di risposta
I tuoi punteggi nel tempo
Non hai fatto questo quiz